| 000 | 00654nam a2200253Ia 4500 | ||
|---|---|---|---|
| 003 | OSt | ||
| 005 | 20221007075730.0 | ||
| 006 | a|||||r|||| 00| 0 | ||
| 007 | ta | ||
| 008 | 221006b |||||||| |||| 00| 0 eng d | ||
| 020 |
_a0195668235 _cRs. 295/- |
||
| 024 | _a9,615 | ||
| 037 | _cTextual | ||
| 040 |
_aFLL _cFLL _beng |
||
| 041 |
_2eng _aeng |
||
| 082 | _aZ2,8, P2 | ||
| 100 |
_aSathe S.P. _9140894 |
||
| 245 | 0 | _aJudicial activism in India | |
| 250 | _a2nd | ||
| 260 |
_aNew Delhi _bOxford University Press India _c2002 |
||
| 300 |
_alxxxv,326p _ccm. |
||
| 942 |
_hZ2,8, P2 _cTEXL _2CC |
||
| 999 |
_c1157163 _d1157163 |
||